Libros de caballerías

Guardat en:
Dades bibliogràfiques
Autor principal: Gayangos, Pascual de (Autor)
Format: Llibre
Idioma:espanyol
Publicat: Madrid Ediciones Atlas 1963
Col·lecció:Biblioteca de Autores Españoles, 40
Matèries:
Etiquetes: Afegir etiqueta
Sense etiquetes, Sigues el primer a etiquetar aquest registre!

MARC

LEADER 00000nam a2200000 a 4500
001 UCQ1887
003 CL-VaPUC
008 980721e19630000SP |||||||||||||||||spa|d
082 0 4 |a 863  |b GAY  |2 21 
100 |a Gayangos, Pascual de  |e author  |9 515122 
245 1 0 |a Libros de caballerías 
300 |a v 
942 |c BK 
945 |d 19980721 00:00:00  |a lriquelm 
260 |a Madrid  |b Ediciones Atlas  |c 1963 
650 7 |a LIBROS DE CABALLERIAS  |2 CL-VaPUC  |9 264986 
650 0 |a Caballeros y caballería   |9 266046 
650 0 |a Literatura española  |9 306261 
583 |a last modification  |c 19980721 00:00:00  |k Rodrigo Vera 
490 0 |a Biblioteca de Autores Españoles, 40 
999 |c 272730  |d 272728 
952 |0 0  |1 0  |4 0  |6 863_000000000000000_GAY_1963  |7 0  |8 A  |9 307861  |a BIBEDU  |b BIBEDU  |d 2019-11-20  |h v.1  |i 1436635  |l 4  |m 1  |o 863 GAY 1963  |p 1436635  |r 2024-11-13  |s 2024-11-06  |w 2019-11-20  |y BK  |k LIT